Arbitration (Record no. 118586)

MARC details
000 -LEADER
fixed length control field 00746cas a22002175a 4500
001 - CONTROL NUMBER
control field ##L98928
008 - FIXED-LENGTH DATA ELEMENTS--GENERAL INFORMATION
fixed length control field 070608c1954 xxkqr p 0 a0eng d
022 0# - INTERNATIONAL STANDARD SERIAL NUMBER
International Standard Serial Number 0003-7877
035 ## - SYSTEM CONTROL NUMBER
System control number (Sirsi) u98928
041 0# - LANGUAGE CODE
Language code of text/sound track or separate title eng
110 2# - MAIN ENTRY--CORPORATE NAME
Corporate name or jurisdiction name as entry element Chartered Institute of Arbitrators
9 (RLIN) 1994
240 04 - UNIFORM TITLE
Uniform title The Journal of the Chartered Institute of Arbitrators
245 00 - TITLE STATEMENT
Title Arbitration
Remainder of title the Journal of the Chartered Institute of Arbitrators
260 3# - PUBLICATION, DISTRIBUTION, ETC.
Place of publication, distribution, etc. London
Name of publisher, distributor, etc. Chartered Institute of Arbitrators
Date of publication, distribution, etc. 1954-
520 ## - SUMMARY, ETC.
Summary, etc. Kept for five years
554 ## -
-- Four per year
651 #4 - SUBJECT ADDED ENTRY--GEOGRAPHIC NAME
Geographic name United Kingdom
Chronological subdivision
690 ## - LOCAL SUBJECT ADDED ENTRY--TOPICAL TERM (OCLC, RLIN)
Topical term or geographic name as entry element MANAGEMENT-DISPUTE AVOIDANCE, MANAGEMENT AND RESOLUTION-DISPUTE MANAGEMENT AND RESOLUTION-ARBITRATION
942 ## - ADDED ENTRY ELEMENTS (KOHA)
Suppress in OPAC 0
948 ## - LOCAL PROCESSING INFORMATION (OCLC); SERIES PART DESIGNATOR (RLIN)
c (OCLC) 04/02/1994
Holdings
Withdrawn status Lost status Source of classification or shelving scheme Damaged status Not for loan Home library Current library Shelving location Date acquired Total Checkouts Full call number Barcode Date last seen Price effective from Koha item type
    Dewey Decimal Classification     London London Gallery 23/04/2004   ARBITRATION 98928-1001 06/08/2019 06/08/2019 Journal